[Event "Aragon-chT Honor GrB"]
[Site "Aragon"]
[Date "2016.02.27"]
[Round "5.24"]
[White "Gimenez Martinez, Alberto"]
[Black "Fontana Sotomayour, Luis Javier"]
[Result "0-1"]
[WhiteElo "2184"]
[BlackElo "2315"]
[PlyCount "62"]
[EventDate "2016.01.30"]
[EventType "team-tourn"]
[EventRounds "7"]
[EventCountry "ESP"]
[SourceTitle "EXT 2018"]
[Source "ChessBase"]
[SourceDate "2017.10.13"]
[SourceVersion "1"]
[SourceVersionDate "2017.10.13"]
[SourceQuality "1"]
[WhiteTeam "St Casablanca II"]
[BlackTeam "Jaime Casas"]
[WhiteTeamCountry "ESP"]
[BlackTeamCountry "ESP"]

1. e4 c6 2. d4 d5 3. exd5 cxd5 4. c4 Nf6 5. Nc3 g6 6. Nf3 Bg7 7. Bg5 0-0 8. Bd3 Be6 9. c5 Bg4 10. h3 Bxf3 11. Qxf3 Nc6 12. 0-0 Nxd4 13. Qd1 Ne6 14. Bh4 Nxc5 15. Bc2 e6 16. Rb1 Rc8 17. Ne2 Qb6 18. Bg5 Ncd7 19. Bb3 Ne4 20. Be3 Qa6 21. a3 Rfd8 22. Nf4 Ndc5 23. Ba2 d4 24. Bd2 Nxd2 25. Qxd2 Bh6 26. b4 Na4 27. Rbe1 Qd6 28. g3 Nc3 29. Qb2 Bxf4 30. gxf4 Qxf4 31. Rc1 Ne2+ 0-1

[Event "Aragon-chT Honor GrA"]
[Site "Aragon"]
[Date "2015.02.28"]
[Round "6.2"]
[White "Gimenez Martinez, Alberto"]
[Black "Antoli Royo, Joaquin Miguel"]
[Result "1/2-1/2"]
[WhiteElo "2158"]
[BlackElo "2437"]
[PlyCount "89"]
[EventDate "2015.01.24"]
[EventType "team-tourn"]
[EventRounds "7"]
[EventCountry "ESP"]
[SourceTitle "EXT 2017"]
[Source "ChessBase"]
[SourceDate "2016.10.25"]
[SourceVersion "1"]
[SourceVersionDate "2016.10.25"]
[SourceQuality "1"]
[WhiteTeam "St Casablanca II"]
[BlackTeam "Jaime Casas"]
[WhiteTeamCountry "ESP"]
[BlackTeamCountry "ESP"]

1. e4 c5 2. Nf3 d6 3. d4 cxd4 4. Nxd4 Nf6 5. Nc3 Nc6 6. Bg5 Bd7 7. Nb3 Rc8 8. Be2 a6 9. f4 b5 10. Bf3 Qb6 11. Qd2 b4 12. Nd5 Nxd5 13. exd5 Na7 14. Rc1 g6 15. c4 bxc3 16. Rxc3 Bg7 17. Rxc8+ Nxc8 18. Bh4 Qb5 19. Bf2 0-0 20. Bd4 e5 21. dxe6 fxe6 22. Be2 Qa4 23. Bxg7 Kxg7 24. 0-0 Rf6 25. Qc3 Ne7 26. g3 Nd5 27. Qa5 Qe4 28. Bf3 Qe3+ 29. Rf2 Bc6 30. Qd2 Qb6 31. Nd4 Bb7 32. Nxe6+ Rxe6 33. Bxd5 Bxd5 34. Qxd5 Re2 35. Qf3 Re3 36. Qd1 Qc5 37. Kg2 Qc6+ 38. Kh3 Qe4 39. Qg4 h5 40. Qg5 Re2 41. Rxe2 Qxe2 42. Qd5 Qg4+ 43. Kg2 Qe2+ 44. Kh3 Qg4+ 45. Kg2 1/2-1/2

[Event "Aragon-chT Honor GrB"]
[Site "Aragon"]
[Date "2013.03.09"]
[Round "7.26"]
[White "Antoli Royo, Joaquin Miguel"]
[Black "Gimenez Martinez, Alberto"]
[Result "0-1"]
[WhiteElo "2412"]
[BlackElo "2171"]
[PlyCount "114"]
[EventDate "2013.01.26"]
[EventType "team"]
[EventRounds "7"]
[EventCountry "ESP"]
[SourceTitle "EXT 2014"]
[Source "ChessBase"]
[SourceDate "2013.11.20"]
[SourceVersion "1"]
[SourceVersionDate "2013.11.20"]
[SourceQuality "1"]
[WhiteTeam "Jaime Casas"]
[BlackTeam "St Casablanca II"]
[WhiteTeamCountry "ESP"]
[BlackTeamCountry "ESP"]

1. e4 c5 2. c3 d5 3. exd5 Qxd5 4. d4 cxd4 5. cxd4 e6 6. Nc3 Qd8 7. Nf3 Nf6 8. Bd3 Be7 9. 0-0 0-0 10. Bc2 b6 11. Re1 Bb7 12. Bg5 Nbd7 13. Qd3 Re8 14. a3 Nf8 15. Rad1 Nd5 16. Bc1 a6 17. Ne5 Rc8 18. Qh3 Ng6 19. Bb1 Bg5 20. f4 Bxf4 21. Nxf7 Kxf7 22. Qxh7 Nf8 23. Qh5+ Kg8 24. Rf1 Nf6 25. Qh4 Bxc1 26. Rxc1 Rc7 27. Rcd1 Rf7 28. Qh3 Ree7 29. Rf4 g5 30. Rff1 Rd7 31. Rde1 Rxd4 32. Re2 Rh4 33. Qg3 Nh5 34. Qe5 Qd4+ 35. Qxd4 Rxd4 36. Re5 Rxf1+ 37. Kxf1 Nf6 38. Rxg5+ Kf7 39. Ke2 Rc4 40. Bd3 Rc5 41. Rg3 N8d7 42. Bg6+ Ke7 43. Bd3 Kf7 44. Bg6+ Kf8 45. h4 b5 46. Bb1 Rh5 47. Rd3 Rxh4 48. Ba2 Ke7 49. Re3 e5 50. Rg3 Rg4 51. Rxg4 Nxg4 52. Bd5 Bxd5 53. Nxd5+ Kd6 54. Nc3 Kc5 55. Ne4+ Kc4 56. Nd2+ Kd4 57. Kf3 Ndf6 0-1

[Event "Aragon-chT Honor GrB"]
[Site "Aragon"]
[Date "2013.02.16"]
[Round "4.17"]
[White "Lana Rodriguez, David"]
[Black "Gimenez Martinez, Alberto"]
[Result "0-1"]
[WhiteElo "2300"]
[BlackElo "2171"]
[PlyCount "74"]
[EventDate "2013.01.26"]
[EventType "team"]
[EventRounds "7"]
[EventCountry "ESP"]
[SourceTitle "EXT 2014"]
[Source "ChessBase"]
[SourceDate "2013.11.20"]
[SourceVersion "1"]
[SourceVersionDate "2013.11.20"]
[SourceQuality "1"]
[WhiteTeam "Helios"]
[BlackTeam "St Casablanca II"]
[WhiteTeamCountry "ESP"]
[BlackTeamCountry "ESP"]

1. d4 d5 2. c4 e6 3. Nc3 Nf6 4. cxd5 exd5 5. Bg5 Be7 6. e3 c6 7. Qc2 0-0 8. Bd3 Nbd7 9. Nge2 Re8 10. 0-0-0 Nf8 11. f3 Nh5 12. Bxe7 Qxe7 13. e4 Qg5+ 14. Kb1 dxe4 15. Bxe4 Qxg2 16. Qc1 Qh3 17. Rhg1 Bf5 18. Ng3 Bg6 19. d5 Rad8 20. dxc6 Rxd1 21. Qxd1 bxc6 22. Qc2 Nf4 23. Bxg6 hxg6 24. Nce4 Rb8 25. Ng5 Qh4 26. N3e4 N8e6 27. Qd2 Rd8 28. Qa5 Rd5 29. Qb4 Nxg5 30. Rg4 Qh3 31. Qb8+ Kh7 32. Nxg5+ Rxg5 33. Qxf4 Qf1+ 34. Kc2 Qe2+ 35. Kc3 Rc5+ 36. Kb4 Rb5+ 37. Ka4 Qc2+ 0-1

[Event "Aragon-chT Honor Titulo"]
[Site "Aragon"]
[Date "2012.04.14"]
[Round "10.10"]
[White "Chueca Forcen, Alberto"]
[Black "Gimenez Martinez, Alberto"]
[Result "1-0"]
[WhiteElo "2350"]
[BlackElo "2170"]
[PlyCount "93"]
[EventDate "2012.02.04"]
[EventType "team-tourn"]
[EventRounds "11"]
[EventCountry "ESP"]
[SourceTitle "EXT 2014"]
[Source "ChessBase"]
[SourceDate "2013.11.20"]
[SourceVersion "1"]
[SourceVersionDate "2013.11.20"]
[SourceQuality "1"]
[WhiteTeam "Olivar"]
[BlackTeam "St Casablanca II"]
[WhiteTeamCountry "ESP"]
[BlackTeamCountry "ESP"]

1. d4 d5 2. c4 e6 3. Nc3 Nf6 4. cxd5 exd5 5. Bg5 Be7 6. e3 c6 7. Bd3 Nbd7 8. Qc2 0-0 9. Nge2 Re8 10. 0-0 Nf8 11. Rae1 Nh5 12. Bxe7 Qxe7 13. Na4 Ng6 14. Ng3 Nxg3 15. hxg3 Qd6 16. Rb1 h5 17. Bf5 h4 18. g4 Nf8 19. b4 g6 20. Bxc8 Raxc8 21. Nc5 Rc7 22. Nd3 Nh7 23. Ne5 Ng5 24. f3 Kg7 25. Kf2 Rh8 26. Rh1 Rh6 27. Qc5 Qd8 28. Qxa7 f6 29. Nd3 Re7 30. Nf4 b6 31. Qa4 Qd6 32. Qa6 Ne6 33. Nxe6+ Qxe6 34. Rb3 Qd6 35. Rh3 Qc7 36. Rc3 Rh8 37. a4 g5 38. Ke2 Rb8 39. Kd2 Rb7 40. Qd3 Qd6 41. g3 hxg3 42. Rh7+ Kf8 43. Rh8+ Kf7 44. Qh7+ Ke6 45. Qf5+ Kf7 46. Qc8 Kg6 47. Qf8 1-0

[Event "Aragon-chT Honor GrB "]
[Site "Aragon"]
[Date "2012.03.10"]
[Round "6.18"]
[White "Gimenez Martinez, Alberto"]
[Black "Garza Marco, Sergio"]
[Result "0-1"]
[WhiteElo "2170"]
[BlackElo "2394"]
[PlyCount "44"]
[EventDate "2012.02.04"]
[EventType "team-tourn"]
[EventRounds "7"]
[EventCountry "ESP"]
[SourceTitle "EXT 2014"]
[Source "ChessBase"]
[SourceDate "2013.11.20"]
[SourceVersion "1"]
[SourceVersionDate "2013.11.20"]
[SourceQuality "1"]
[WhiteTeam "St Casablanca II"]
[BlackTeam "Jaime Casas"]
[WhiteTeamCountry "ESP"]
[BlackTeamCountry "ESP"]

1. e4 e6 2. d4 d5 3. e5 c5 4. c3 Nc6 5. Nf3 Bd7 6. a3 c4 7. Nbd2 Na5 8. Be2 Ne7 9. 0-0 Nc8 10. h3 Nb6 11. Nh2 Ba4 12. Qe1 h5 13. f4 Qd7 14. Qf2 Bc2 15. g4 hxg4 16. hxg4 0-0-0 17. f5 Be7 18. Kg2 Rh7 19. fxe6 Qxe6 20. Bd1 Bxd1 21. Rxd1 Rxh2+ 22. Kxh2 Qxg4 0-1

[Event "Aragon-chT Honor GrB "]
[Site "Aragon"]
[Date "2012.02.11"]
[Round "2.26"]
[White "Garcia Vicente, Nieves"]
[Black "Gimenez Martinez, Alberto"]
[Result "1-0"]
[WhiteElo "2198"]
[BlackElo "2170"]
[PlyCount "63"]
[EventDate "2012.02.04"]
[EventType "team-tourn"]
[EventRounds "7"]
[EventCountry "ESP"]
[SourceTitle "EXT 2014"]
[Source "ChessBase"]
[SourceDate "2013.11.20"]
[SourceVersion "1"]
[SourceVersionDate "2013.11.20"]
[SourceQuality "1"]
[WhiteTeam "Actur Rey Fernando"]
[BlackTeam "St Casablanca II"]
[WhiteTeamCountry "ESP"]
[BlackTeamCountry "ESP"]

1. d4 d5 2. c4 e6 3. Nc3 Nf6 4. Bg5 Be7 5. e3 h6 6. Bxf6 Bxf6 7. Nf3 0-0 8. Qd2 c6 9. 0-0-0 Nd7 10. h4 dxc4 11. Bxc4 b5 12. Bb3 a5 13. Ne4 Be7 14. Kb1 Bb7 15. Qe2 Qb6 16. Ne5 Nxe5 17. dxe5 c5 18. Bc2 Bd5 19. Qg4 f5 20. exf6 Bxf6 21. Qg6 Bxe4 22. Qxe4 Rad8 23. g4 Rxd1+ 24. Rxd1 Rd8 25. Rh1 Rd2 26. g5 Rxc2 27. Kxc2 hxg5 28. hxg5 Bxg5 29. f4 Bf6 30. Rd1 c4 31. f5 e5 32. Qd5+ 1-0

[Event "Aragon-chT Honor I"]
[Site "Spain"]
[Date "2011.03.05"]
[Round "5.13"]
[White "Fernandez Rubio, Rafael"]
[Black "Gimenez Martinez, Alberto"]
[Result "0-1"]
[WhiteElo "2054"]
[BlackElo "2132"]
[PlyCount "85"]
[EventDate "2011.02.05"]
[EventType "team-tourn"]
[EventRounds "7"]
[EventCountry "ESP"]
[SourceTitle "EXT 2013"]
[Source "ChessBase"]
[SourceDate "2012.11.22"]
[SourceVersion "1"]
[SourceVersionDate "2012.11.22"]
[SourceQuality "1"]
[WhiteTeam "Tauste"]
[BlackTeam "St Casablanca II"]
[WhiteTeamCountry "ESP"]
[BlackTeamCountry "ESP"]

1. f4 c5 2. Nf3 d6 3. b3 Nf6 4. e3 g6 5. Bb2 Bg7 6. Be2 Nc6 7. 0-0 0-0 8. a4 a6 9. Na3 Rb8 10. Qe1 Nb4 11. Qh4 Bf5 12. d3 b5 13. axb5 axb5 14. e4 Bd7 15. Ng5 h6 16. Nh3 c4 17. g4 Qc8 18. f5 g5 19. Nxg5 hxg5 20. Qxg5 c3 21. Bc1 Nh7 22. Qxe7 Qc5+ 23. Kh1 Bf6 24. Qxd7 Rfd8 25. g5 Rxd7 26. gxf6 Nxf6 27. Bh6 Kh8 28. Rf3 Nh7 29. f6 Rg8 30. Rf5 d5 31. e5 Rg6 32. Nxb5 Rxh6 33. Ra8+ Nf8 34. Nd6 Kg8 35. Bh5 Rxd6 36. Rg5+ Rg6 37. Bxg6 fxg6 38. Rxg6+ Kf7 39. Rg7+ Ke6 40. exd6 Qxd6 41. f7 Nxc2 42. Re8+ Kf6 43. Rg2 0-1

[Event "Aragon-chT Honor I"]
[Site "Spain"]
[Date "2011.02.19"]
[Round "3.9"]
[White "Del Rey, Diego"]
[Black "Gimenez Martinez, Alberto"]
[Result "1-0"]
[WhiteElo "2374"]
[BlackElo "2132"]
[PlyCount "61"]
[EventDate "2011.02.05"]
[EventType "team-tourn"]
[EventRounds "7"]
[EventCountry "ESP"]
[SourceTitle "EXT 2013"]
[Source "ChessBase"]
[SourceDate "2012.11.22"]
[SourceVersion "1"]
[SourceVersionDate "2012.11.22"]
[SourceQuality "1"]
[WhiteTeam "Olivar"]
[BlackTeam "St Casablanca II"]
[WhiteTeamCountry "ESP"]
[BlackTeamCountry "ESP"]

1. d4 d5 2. c4 e6 3. Nf3 Nf6 4. Nc3 c6 5. e3 Nbd7 6. Qc2 Bd6 7. Bd3 0-0 8. 0-0 Qc7 9. b3 b6 10. Bb2 Bb7 11. Rac1 Qd8 12. Qe2 Rc8 13. e4 dxe4 14. Nxe4 Nxe4 15. Qxe4 Nf6 16. Qh4 c5 17. d5 h6 18. Rfd1 exd5 19. cxd5 Bxd5 20. Bf5 Bxf3 21. gxf3 Ne8 22. Qh3 Rc7 23. Kh1 f6 24. Qh5 Qa8 25. Rg1 Be5 26. Be4 Qc8 27. Bxe5 fxe5 28. Qxh6 Nf6 29. Bd3 Rff7 30. Bc4 Qf5 31. Qxg7# 1-0

[Event "Aragon-chT Honor I"]
[Site "Spain"]
[Date "2011.02.05"]
[Round "1.5"]
[White "Villuendas Valero, Adrian"]
[Black "Gimenez Martinez, Alberto"]
[Result "1/2-1/2"]
[WhiteElo "2266"]
[BlackElo "2132"]
[PlyCount "37"]
[EventDate "2011.02.05"]
[EventType "team-tourn"]
[EventRounds "7"]
[EventCountry "ESP"]
[SourceTitle "EXT 2013"]
[Source "ChessBase"]
[SourceDate "2012.11.22"]
[SourceVersion "1"]
[SourceVersionDate "2012.11.22"]
[SourceQuality "1"]
[WhiteTeam "Ramiro"]
[BlackTeam "St Casablanca II"]
[WhiteTeamCountry "ESP"]
[BlackTeamCountry "ESP"]

1. d4 d5 2. Bf4 e6 3. e3 c5 4. c3 Nc6 5. Nf3 Bd6 6. Bg3 cxd4 7. exd4 f5 8. Bxd6 Qxd6 9. Bd3 Nf6 10. Qe2 Ne4 11. Ne5 Nxe5 12. dxe5 Qc7 13. 0-0 0-0 14. Na3 Bd7 15. Nc2 Nc5 16. Rfe1 b5 17. Nd4 Rab8 18. Rac1 Qb6 19. Red1 1/2-1/2

[Event "Aragon-chT"]
[Site "Aragon"]
[Date "2008.04.05"]
[Round "8"]
[White "Lamas Mercadal, Manuel"]
[Black "Gimenez Martinez, Alberto"]
[Result "1-0"]
[WhiteElo "2246"]
[BlackElo "2097"]
[PlyCount "87"]
[EventDate "2008.02.02"]
[EventType "team-swiss"]
[EventRounds "12"]
[EventCountry "ESP"]
[SourceTitle "EXT 2011"]
[Source "ChessBase"]
[SourceDate "2010.11.26"]
[SourceVersion "1"]
[SourceVersionDate "2010.11.26"]
[SourceQuality "1"]

1. e4 c5 2. Nc3 d6 3. g3 Nf6 4. Bg2 Nc6 5. d3 g6 6. f4 Bg7 7. h3 0-0 8. Nf3 Rb8 9. a4 a6 10. 0-0 b5 11. axb5 axb5 12. Be3 Nd7 13. Rb1 Nd4 14. Ne2 Qb6 15. Nexd4 cxd4 16. Bf2 b4 17. g4 Ba6 18. Bh4 e5 19. b3 f6 20. f5 Rbc8 21. Nd2 Bh6 22. Nc4 Qc5 23. fxg6 hxg6 24. Ra1 Bxc4 25. bxc4 Bf4 26. Be1 Ra8 27. Rb1 Rfb8 28. g5 fxg5 29. Qg4 Nf8 30. h4 gxh4 31. Bxh4 Rb7 32. Rxf4 exf4 33. e5 dxe5 34. Bxb7 Ra2 35. Bd5+ Kg7 36. Bg5 Qd6 37. Qh4 Nh7 38. Be4 Nxg5 39. Qxg5 Rxc2 40. Ra1 Qb6 41. Qxe5+ Kh7 42. Ra8 Rc1+ 43. Kf2 Rc2+ 44. Kf3 1-0

[Event "Aragon-chT"]
[Site "Aragon"]
[Date "2008.02.02"]
[Round "1"]
[White "Chueca Forcen, Alberto"]
[Black "Gimenez Martinez, Alberto"]
[Result "1-0"]
[WhiteElo "2283"]
[BlackElo "2097"]
[PlyCount "153"]
[EventDate "2008.02.02"]
[EventType "team-swiss"]
[EventRounds "12"]
[EventCountry "ESP"]
[SourceTitle "EXT 2011"]
[Source "ChessBase"]
[SourceDate "2010.11.26"]
[SourceVersion "1"]
[SourceVersionDate "2010.11.26"]
[SourceQuality "1"]

1. d4 e6 2. c4 Nf6 3. Nc3 c5 4. d5 exd5 5. cxd5 d6 6. e4 g6 7. h3 Bg7 8. Nf3 0-0 9. Bd3 b5 10. Bxb5 Nxe4 11. Nxe4 Qa5+ 12. Nfd2 Qxb5 13. Nxd6 Qa6 14. N2c4 Rd8 15. Bf4 Nd7 16. 0-0 Nb6 17. Nxb6 Qxb6 18. Nxc8 Raxc8 19. Rb1 Qb4 20. Bg5 Rd7 21. Qd3 Qd4 22. Qa6 Rb8 23. Rfd1 Qe5 24. Bh4 Rxd5 25. Bg3 Qxb2 26. Bxb8 Rxd1+ 27. Rxd1 Qxb8 28. Qd6 Qf8 29. Qc7 Bd4 30. Qxa7 Qd6 31. Qa8+ Kg7 32. Qf3 Qe6 33. a4 Qa2 34. Re1 Qxa4 35. g3 Qa2 36. Kg2 Bf6 37. Re8 Bd4 38. Ra8 Qe6 39. Rd8 Qf6 40. Rc8 Qxf3+ 41. Kxf3 Kf6 42. Ke2 Ke6 43. g4 h6 44. f3 Ke5 45. Rc7 Kf6 46. Kd3 h5 47. gxh5 gxh5 48. Ke4 Kg6 49. Rb7 f6 50. f4 Bf2 51. Rc7 Bd4 52. Rc8 Bf2 53. Rg8+ Kf7 54. Rg2 Bd4 55. Kf5 Ke7 56. Kg6 h4 57. Kf5 Kf7 58. Re2 Bc3 59. Kg4 Kg6 60. f5+ Kh6 61. Kxh4 Be5 62. Rc2 Bd4 63. Kg4 Be3 64. Ra2 Bd4 65. Ra6 Be5 66. Rc6 Bd4 67. h4 Kg7 68. Kh5 Kf7 69. Rc7+ Ke8 70. Kg6 Kd8 71. h5 Kxc7 72. h6 c4 73. h7 Kc6 74. h8Q Kc5 75. Qf8+ Kd5 76. Qa8+ Kc5 77. Qa5+ 1-0